01134cam a22002291 4500001001300000003000400013005001700017008004100034010001700075035001900092040006700111042001200178050001900190110003900209245042700248260004900675300002600724490002900750650004600779810006200825999001700887ss 50000004 DLC20260227112751.0830813s1950 dcua f000 0 eng c ass 50000004  a(OCoLC)9808634 aU.S. Social Security Administration. LibrarycGASUdOCoLCdDLC apremarc00aHA38b.A4 19491 aUnited States.bChildren's Bureau.14aThe confidential nature of birth records,bincluding the special registration problems of children born out of wedlock, children of unknown parentage, legitimated children, and adopted children; a policy recommended by American Association of Registration Executives, Council on Vital Records and Statistics, and endorsed by Children's Bureau and National Office of Vital Statistics, Federal Security Agency, January 1949. aWashington,bU.S. Govt. Print. Off.,c[1950] a11 p.billus.c24 cm.1 aIts Publicationvno. 332 0aRegisters of births, etc.zUnited States.1 aUnited States.bChildren's Bureau.tPublicationvno. 332. c90922d90922